| 000 | 00837pam a2200265 a 4500 | ||
|---|---|---|---|
| 001 | 1541564 | ||
| 005 | 20180302052208.0 | ||
| 008 | 910205s1991 onca b 001 0 eng | ||
| 010 | _a 91009304 | ||
| 020 | _a0772518505 (Irwin : pbk.) | ||
| 020 | _a043508593X (Heinemann : hard) | ||
| 020 | _a0435085786 (Heinemann : pbk.) | ||
| 040 |
_aDLC _cDLC _dDLC |
||
| 041 | _aeng | ||
| 043 | _an-us--- | ||
| 080 | _a372.41 ROU | ||
| 082 | 0 | 0 |
_a372.41 ROU _220 |
| 100 | 1 | _a25 | |
| 101 | _aEDU | ||
| 245 | 1 | 0 |
_aInvitations : _cRegie Routman. |
| 504 | _aIncludes bibliographical references and index. | ||
| 906 |
_a7 _bcbc _corignew _d1 _eocip _f19 _gy-gencatlg |
||
| 942 |
_2ddc _cBK |
||
| 999 |
_c43999 _d43999 |
||